000 00793nam a22002177a 4500
003 UA-OsUOA
001 40406
007 ta
008 20060727b un ||||| |||| 00| 0 ukr d
090 _a34(094):378
_bО-64
942 _cBK
040 _aUA-OsUOA
_bukr
_cUA-OsUOA
_dUA-OsUOA
245 _aОрганізація роботи з іноземними студентами
_bНормативно-правові та інструктивно-методичні матеріали
_cУкладачі: Р.В. Гурак, Н.Т. Крант
300 _a278 с.
955 _a2
041 _aukr
080 _a34(094):378
260 _aК.
_bВид-во Європейського університету
_c2005
650 7 _a34 Право. Юриспруденція
_2UDC
999 _c326546
_d326546